[Event "VI Sunway Sitges Open 2019"]
[Site "Sitges"]
[Date "2019.12.16"]
[Round "4.16"]
[White "Santos Latasa, Jaime"]
[Black "Janik, Igor"]
[Result "1-0"]
[WhiteElo "2585"]
[BlackElo "2466"]
[Annotator "ChessBase"]
[PlyCount "105"]
[EventDate "2019.12.13"]
[EventType "swiss"]
[EventCountry "ESP"]
[SourceTitle "playchess.com"]
[Source "ChessBase"]
[SourceQuality "1"]
[TimeControl "40/5400+30:1800+30"]

1. e4 {[%emt 0:00:00]} e5 {[%emt 0:00:00]} 2. Nf3 {[%emt 0:00:00]} Nc6 {[%emt 0:00:02]} 3. Bb5 {[%emt 0:00:00]} a6 {[%emt 0:00:20]} 4. Ba4 {[%emt 0:00:00]} Nf6 {[%emt 0:00:14]} 5. O-O {[%emt 0:00:00]} b5 {[%emt 0:00:16]} 6. Bb3 {[%emt 0:00:05]} Bc5 {[%emt 0:00:14]} 7. a4 {[%emt 0:00:54]} Rb8 {[%emt 0:00:22]} 8. Nxe5 {[%emt 0:02:30]} Nxe5 {[%emt 0:00:19]} 9. d4 {[%emt 0:00:05]} Bxd4 {[%emt 0:00:30]} 10. Qxd4 {[%emt 0:00:34]} d6 {[%emt 0:00:07]} 11. Bf4 {[%emt 0:01:52]} O-O {[%emt 0:06:23]} 12. f3 {[%emt 0:01:22]} c5 {[%emt 0:06:45]} 13. Qd2 {[%emt 0:01:38]} c4 {[%emt 0:00:46]} 14. Ba2 {[%emt 0:01:21]} Qb6+ {[%emt 0:02:58]} 15. Be3 {[%emt 0:03:21]} Qc7 {[%emt 0:02:25]} 16. Nc3 {[%emt 0:01:45]} b4 {[%emt 0:14:30]} 17. Ne2 {[%emt 0:00:30]} Be6 {[%emt 0:04:31]} 18. Bd4 {[%emt 0:00:56]} Rfe8 {[%emt 0:10:36]} 19. Ng3 {[%emt 0:01:48]} Qe7 {[%emt 0:18:32]} 20. f4 {[%emt 0:18:16]} Red8 {[%emt 0:10:16]} 21. a5 {[%emt 0:02:24]} Ned7 {[%emt 0:05:16]} 22. Qe3 {[%emt 0:14:16]} Re8 {[%emt 0:06:09]} 23. Rae1 {[%emt 0:01:16]} c3 {[%emt 0:00:33]} 24. Bxe6 {[%emt 0:01:03]} Qxe6 {[%emt 0:00:02]} 25. bxc3 {[%emt 0:00:16]} bxc3 {[%emt 0:00:23]} 26. Qxc3 {[%emt 0:00:20]} Rec8 {[%emt 0:04:00]} 27. Qd3 {[%emt 0:00:23]} Rb5 {[%emt 0:00:56]} 28. Nf5 {[%emt 0:00:57]} Ne8 {[%emt 0:03:00]} 29. c3 {[%emt 0:04:16]} Rxa5 {[%emt 0:00:32]} 30. Qf3 {[%emt 0:00:28]} Ndf6 {[%emt 0:01:45]} 31. Re3 {[%emt 0:00:44]} d5 {[%emt 0:01:18]} 32. Qh3 {[%emt 0:00:34]} dxe4 {[%emt 0:01:01]} 33. Ne7+ {[%emt 0:00:20]} Qxe7 {[%emt 0:00:02]} 34. Qxc8 {[%emt 0:00:06]} Nd5 {[%emt 0:00:31]} 35. Re2 {[%emt 0:00:36]} f5 {[%emt 0:01:17]} 36. Rb2 {[%emt 0:02:42]} Ndc7 {[%emt 0:00:23]} 37. Bb6 {[%emt 0:01:06]} Rc5 {[%emt 0:00:20]} 38. Bxc5 {[%emt 0:00:22]} Qxc5+ {[%emt 0:00:01]} 39. Kh1 {[%emt 0:00:10]} Kf7 {[%emt 0:01:06]} 40. Qd7+ {[%emt 0:00:00]} Kg6 {[%emt 0:00:00]} 41. Qd4 {[%emt 0:02:08]} Qxd4 {[%emt 0:02:41]} 42. cxd4 {[%emt 0:00:17]} Nb5 {[%emt 0:00:41]} 43. Rb4 {[%emt 0:01:15]} Nec7 {[%emt 0:00:39]} 44. Ra1 {[%emt 0:00:09]} Kf6 {[%emt 0:01:19]} 45. g3 {[%emt 0:00:31]} Ke6 {[%emt 0:00:39]} 46. Rxa6+ {[%emt 0:00:27]} Nxa6 {[%emt 0:00:12]} 47. Rxb5 {[%emt 0:00:04]} Nc7 {[%emt 0:00:08]} 48. Re5+ {[%emt 0:00:06]} Kf6 {[%emt 0:00:08]} 49. d5 {[%emt 0:00:54]} Nb5 {[%emt 0:00:10]} 50. Kg2 {[%emt 0:00:07]} g6 {[%emt 0:00:35]} 51. Kf2 {[%emt 0:00:22]} Kf7 {[%emt 0:00:09]} 52. Ke3 {[%emt 0:00:51]} Na3 {[%emt 0:00:21]} 53. Kd4 {[%emt 0:00:28]} 1-0

[Event "VI Sunway Sitges Open 2019"]
[Site "Sitges"]
[Date "2019.12.16"]
[Round "4.17"]
[White "Vogel, Roven"]
[Black "Puranik, Abhimanyu"]
[Result "0-1"]
[WhiteElo "2457"]
[BlackElo "2580"]
[Annotator "TA"]
[PlyCount "164"]
[EventDate "2019.12.13"]
[EventType "swiss"]
[EventCountry "ESP"]
[SourceTitle "playchess.com"]
[Source "ChessBase"]
[SourceQuality "1"]

{[%evp 10,166,36,0,0,0,12,14,8,7,14,6,20,6,9,1,14,7,0,0,10,-4,0,-22,-18,-32,-26,-81,-63,-81,-75,-142,-136,-151,-150,-136,-134,-198,-204,-198,-196,-349,-195,-202,-199,-183,-179,-181,-165,-186,-172,-168,-175,-161,-153,-160,-158,-178,-157,-160,-158,-159,-158,-151,-155,-155,-143,-151,-127,-127,-124,-124,-98,-98,-98,-98,-98,-127,-97,-127,-72,-72,-80,-97,-72,-78,-31,-116,-116,-116,-116,-116,-116,-126,-126,-126,-126,-126,-126,-126,-126,-127,-127,-127,-127,-127,-127,-127,-127,-127,-127,-127,-25,-127,-37,-127,-127,-127,-126,-127,-127,-127,-68,-126,0,-68,0,0,0,0,0,0,0,0,0,-8,-8,-29972,-29974,-29971,-29975,-29977,-29979,-29984,-29985,-29984,-29985,-29985,-29986,-29986,-29987,-29990,-29991,-29994,-29995,-29995,-29996,-29998,-29997]} 1. d4 Nf6 2. c4 g6 3. Nc3 d5 4. Qa4+ Bd7 5. Qd1 Bc8 6. Qa4+ $146 (6. Nf3 Bg7 7. h4 c6 8. Bf4 dxc4 9. e4 b5 10. a3 Bg4 11. Qd2 Bxf3 12. gxf3 Nh5 13. Be3 e5 14. dxe5 Qxd2+ 15. Kxd2 Bxe5 {½-½ (67) Antipov,M (2588)-Howell,D (2682) Caleta 2018}) 6... Bd7 {D80: Grünfeld: Unusual White 4th moves and 4 Bg5} 7. Qd1 c6 8. e3 Bg7 {The position is equal.} 9. Nf3 O-O 10. Qb3 Qb6 11. Qxb6 axb6 12. cxd5 cxd5 13. Ne5 Bc6 14. Bd2 Rc8 15. g4 Nfd7 16. Nd3 e5 17. Bg2 exd4 18. exd4 (18. Nxd5 $11 Rd8 19. e4) 18... Bxd4 19. Nxd5 Re8+ 20. Kd1 (20. Be3 $142) 20... Nc5 $36 {[%mdl 2048] Black is really pushing.} 21. Nxc5 bxc5 22. Re1 Rd8 23. Kc2 (23. Ne7+ $17 Kg7 24. Nxc6 Nxc6 25. Bxc6 Bxb2 26. Bxb7 (26. Rb1 $2 Rxa2 27. Re2 bxc6 $19) 26... Bxa1 27. Bxa8 Rxa8 28. Re2) 23... Bxd5 $19 24. Bxd5 Rxd5 25. Re8+ Kg7 26. Bf4 Ra4 ({Don't do} 26... Bxf2 27. Bxb8 Ra4 28. Be5+ f6 29. Bxf6+ Kxf6 30. Rf1 $17) 27. Bxb8 Rc4+ (27... Bxf2 28. Be5+ f6 29. Bc3 $17) 28. Kd3 Rb4 29. Rb1 Bf6+ ({Don't play} 29... Rxb2 30. Rxb2 Bxb2+ 31. Kc4 $17) ({Resist} 29... Bxb2+ 30. Kc2 $17) 30. Ke2 Rxg4 31. b3 Rgd4 32. Kf1 h5 33. Rbe1 Rd2 34. R1e2 Rd1+ 35. Re1 Bc3 36. Rxd1 Rxd1+ $17 {[%mdl 4096] Endgame KRB-KRB} 37. Kg2 Kf6 38. Ba7 Bd4 {Threatens to win with ...Rd2.} 39. Re2 Rc1 40. b4 Rc4 41. Bxc5 Bxc5 42. bxc5 Rxc5 {KR-KR} 43. a4 Ra5 44. Rb2 Ra7 (44... Rxa4 $142 45. Rb6+ Kg7 46. Rxb7 g5) 45. Rb6+ Ke7 46. Kg3 Kd8 47. f4 Ke7 48. Kf3 (48. f5 $15) 48... Rxa4 49. Rxb7+ Kf6 50. Rb6+ Kg7 $1 51. h4 Ra3+ 52. Kg2 Rd3 53. Ra6 Rd5 54. Kf3 Kf8 55. Ra3 Rd6 56. Rb3 Kg7 57. Ra3 Rd1 58. Kg2 Kf6 59. Ra5 Re1 60. Rb5 Ke6 (60... Re4 $17 61. Kf3 Re1) 61. Ra5 (61. f5+ $1 $11 gxf5 62. Rb6+ Ke5 63. Rh6) 61... Re3 {[#]} (61... Re2+ $17 62. Kf3 Rd2 63. f5+ gxf5) 62. Rb5 (62. f5+ $1 $15 {[%mdl 512]} gxf5 63. Ra6+ Ke5 64. Rh6) 62... Rd3 63. Re5+ Kd6 64. Ra5 Rd5 65. Ra6+ Kc5 (65... Ke7 $17 66. Kg3 Rd3+ 67. Kg2 Rd6) 66. Ra7 {[#]} (66. Kf3 $15) 66... f5 (66... Rf5 $1 $17 67. Kf3 Kd6 68. Ra6+ Ke7 69. Ra7+ Kf8) 67. Rc7+ (67. Ra5+ $1 $11 Kd4 68. Ra6) 67... Kd4 ({Better is} 67... Kb5 $15) 68. Rc6 $1 $11 Ke4 69. Rxg6 Kxf4 70. Rg5 Ke3 71. Rxh5 Rd2+ 72. Kf1 f4 {( -> ...Rd1+)} 73. Ra5 $2 {[%mdl 8192]} (73. Re5+ $11 Kf3 74. h5) 73... Rd1+ {Black mates.} 74. Kg2 f3+ 75. Kh3 f2 (75... Rh1+ 76. Kg4 $19) 76. Rf5 f1=Q+ 77. Rxf1 Rxf1 {KR-KP} 78. Kg4 Ke4 79. Kg5 Ke5 80. h5 Rg1+ 81. Kh6 Kf6 82. Kh7 {[#]} Rb1 {Played: Rg1-h1} 0-1

[Event "VI Sunway Sitges Open 2019"]
[Site "Sitges"]
[Date "2019.12.16"]
[Round "4.18"]
[White "Wagner, Dennis"]
[Black "Haldorsen, Benjamin"]
[Result "1/2-1/2"]
[WhiteElo "2578"]
[BlackElo "2455"]
[Annotator "ChessBase"]
[PlyCount "75"]
[EventDate "2019.12.13"]
[EventType "swiss"]
[EventCountry "ESP"]
[SourceTitle "playchess.com"]
[Source "ChessBase"]
[SourceQuality "1"]
[TimeControl "40/5400+30:1800+30"]

1. d4 {[%emt 0:00:00]} d5 {[%emt 0:00:06]} 2. Nf3 {[%emt 0:00:00]} e6 {[%emt 0:01:52]} 3. Bf4 {[%emt 0:00:50]} Nf6 {[%emt 0:01:30]} 4. e3 {[%emt 0:00:40]} c5 {[%emt 0:02:31]} 5. c3 {[%emt 0:00:43]} Bd6 {[%emt 0:01:30]} 6. Bb5+ {[%emt 0:00:12]} Nc6 {[%emt 0:01:27]} 7. Bxd6 {[%emt 0:10:13]} Qxd6 {[%emt 0:00:03]} 8. Qa4 {[%emt 0:00:07]} Bd7 {[%emt 0:12:16]} 9. O-O {[%emt 0:06:54]} Nb8 {[%emt 0:08:25]} 10. c4 {[%emt 0:19:04]} cxd4 {[%emt 0:10:47]} 11. Nxd4 {[%emt 0:00:21]} O-O {[%emt 0:01:09]} 12. cxd5 {[%emt 0:00:33]} Nxd5 {[%emt 0:06:35]} 13. Na3 {[%emt 0:11:55]} a6 {[%emt 0:04:37]} 14. Bxd7 {[%emt 0:05:01]} Nxd7 {[%emt 0:02:24]} 15. Nc4 {[%emt 0:07:23]} Qc7 {[%emt 0:00:39]} 16. Qc2 {[%emt 0:05:53]} Rac8 {[%emt 0:10:21]} 17. Rac1 {[%emt 0:00:11]} b5 {[%emt 0:00:31]} 18. Na3 {[%emt 0:06:38]} Qb7 {[%emt 0:01:57]} 19. Qd2 {[%emt 0:00:49]} Ne5 {[%emt 0:04:29]} 20. Rxc8 {[%emt 0:01:46]} Rxc8 {[%emt 0:00:08]} 21. Rc1 {[%emt 0:00:08]} g6 {[%emt 0:06:53]} 22. h3 {[%emt 0:02:50]} b4 {[%emt 0:02:02]} 23. Rxc8+ {[%emt 0:01:23]} Qxc8 {[%emt 0:00:01]} 24. Qc2 {[%emt 0:02:37]} Qxc2 {[%emt 0:05:29]} 25. Naxc2 {[%emt 0:00:01]} Nd3 {[%emt 0:00:09]} 26. e4 {[%emt 0:01:17]} Ne7 {[%emt 0:00:10]} 27. a3 {[%emt 0:06:31]} a5 {[%emt 0:01:27]} 28. axb4 {[%emt 0:00:10]} axb4 {[%emt 0:00:25]} 29. b3 {[%emt 0:00:38]} e5 {[%emt 0:02:16]} 30. Nf3 {[%emt 0:00:12]} Nc6 {[%emt 0:01:27]} 31. Kf1 {[%emt 0:00:11]} f6 {[%emt 0:01:04]} 32. Nd2 {[%emt 0:00:10]} Kf7 {[%emt 0:00:35]} 33. Ke2 {[%emt 0:00:27]} Nc5 {[%emt 0:01:12]} 34. Ke3 {[%emt 0:00:45]} Ke6 {[%emt 0:01:32]} 35. g3 {[%emt 0:00:50]} Na5 {[%emt 0:03:50]} 36. Nxb4 {[%emt 0:00:09]} Ncxb3 {[%emt 0:00:14]} 37. Nxb3 {[%emt 0:00:06]} Nxb3 {[%emt 0:00:04]} 38. Nd3 {[%emt 0:00:20]} 1/2-1/2

[Event "VI Sunway Sitges Open 2019"]
[Site "Sitges"]
[Date "2019.12.16"]
[Round "4.19"]
[White "Lopez Martinez, Josep Manuel"]
[Black "Real De Azua, Ernesto"]
[Result "1/2-1/2"]
[WhiteElo "2561"]
[BlackElo "2450"]
[Annotator "ChessBase"]
[PlyCount "103"]
[EventDate "2019.12.13"]
[EventType "swiss"]
[EventCountry "ESP"]
[SourceTitle "playchess.com"]
[Source "ChessBase"]
[SourceQuality "1"]
[TimeControl "40/5400+30:1800+30"]

1. d4 {[%emt 0:00:00]} Nf6 {[%emt 0:01:09]} 2. c4 {[%emt 0:00:49]} e6 {[%emt 0:00:48]} 3. Nf3 {[%emt 0:01:11]} d5 {[%emt 0:00:08]} 4. Nc3 {[%emt 0:01:06]} Bb4 {[%emt 0:00:05]} 5. cxd5 {[%emt 0:00:47]} exd5 {[%emt 0:00:06]} 6. Bg5 {[%emt 0:00:32]} h6 {[%emt 0:00:10]} 7. Bh4 {[%emt 0:00:15]} O-O {[%emt 0:00:37]} 8. e3 {[%emt 0:00:32]} Bf5 {[%emt 0:00:05]} 9. Qb3 {[%emt 0:07:36]} Bxc3+ {[%emt 0:01:06]} 10. Qxc3 {[%emt 0:04:34]} Nbd7 {[%emt 0:11:00]} 11. Be2 {[%emt 0:04:56]} g5 {[%emt 0:08:16]} 12. Bg3 {[%emt 0:01:26]} c5 {[%emt 0:01:27]} 13. dxc5 {[%emt 0:08:09]} Ne4 {[%emt 0:00:16]} 14. Qa3 {[%emt 0:01:34]} Ndxc5 {[%emt 0:01:00]} 15. Nd4 {[%emt 0:01:42]} Bg6 {[%emt 0:00:46]} 16. f3 {[%emt 0:00:53]} Nxg3 {[%emt 0:01:05]} 17. hxg3 {[%emt 0:00:08]} Qe7 {[%emt 0:26:30]} 18. Rxh6 {[%emt 0:14:21]} Rfe8 {[%emt 0:00:40]} 19. Kf1 {[%emt 0:15:57]} Qxe3 {[%emt 0:19:49]} 20. Qxc5 {[%emt 0:17:33]} Rac8 {[%emt 0:00:05]} 21. Rxg6+ {[%emt 0:00:19]} fxg6 {[%emt 0:00:04]} 22. Qxd5+ {[%emt 0:00:21]} Kh8 {[%emt 0:01:36]} 23. Rd1 {[%emt 0:04:33]} Rc1 {[%emt 0:02:32]} 24. Qb3 {[%emt 0:00:34]} Rxd1+ {[%emt 0:03:39]} 25. Qxd1 {[%emt 0:00:02]} Rd8 {[%emt 0:00:06]} 26. Qc2 {[%emt 0:00:10]} Qxd4 {[%emt 0:04:07]} 27. Qxg6 {[%emt 0:00:43]} Qg7 {[%emt 0:10:24]} 28. Qh5+ {[%emt 0:07:15]} Kg8 {[%emt 0:00:00]} 29. Qg4 {[%emt 0:00:24]} Qf6 {[%emt 0:04:05]} 30. Qe4 {[%emt 0:00:52]} b6 {[%emt 0:01:00]} 31. Qc4+ {[%emt 0:05:18]} Kf8 {[%emt 0:00:29]} 32. Qc7 {[%emt 0:00:25]} a5 {[%emt 0:01:04]} 33. g4 {[%emt 0:00:46]} Re8 {[%emt 0:01:04]} 34. Qc2 {[%emt 0:00:31]} Qe5 {[%emt 0:00:37]} 35. a4 {[%emt 0:00:33]} Kg7 {[%emt 0:00:42]} 36. b3 {[%emt 0:00:30]} Re7 {[%emt 0:00:04]} 37. Qd2 {[%emt 0:00:21]} Qe3 {[%emt 0:01:05]} 38. Qc2 {[%emt 0:00:23]} Qe5 {[%emt 0:00:35]} 39. Qd2 {[%emt 0:00:08]} Kf6 {[%emt 0:00:17]} 40. g3 {[%emt 0:00:00]} Qxg3 {[%emt 0:00:00]} 41. Qd4+ {[%emt 0:00:49]} Qe5 {[%emt 0:07:41]} 42. Qxb6+ {[%emt 0:00:08]} Kg7 {[%emt 0:00:35]} 43. Qb5 {[%emt 0:02:10]} Qxb5 {[%emt 0:09:24]} 44. axb5 {[%emt 0:00:07]} Re3 {[%emt 0:00:15]} 45. Bc4 {[%emt 0:00:27]} Rxf3+ {[%emt 0:00:33]} 46. Ke2 {[%emt 0:00:02]} Rf6 {[%emt 0:00:11]} 47. Ke3 {[%emt 0:06:01]} Rd6 {[%emt 0:00:13]} 48. Ke4 {[%emt 0:00:27]} Kf6 {[%emt 0:00:15]} 49. Bd5 {[%emt 0:00:13]} Rb6 {[%emt 0:01:03]} 50. Bc4 {[%emt 0:01:01]} Rd6 {[%emt 0:02:44]} 51. Bd5 {[%emt 0:00:14]} Rb6 {[%emt 0:00:03]} 52. Bc4 {[%emt 0:00:21]} 1/2-1/2

[Event "VI Sunway Sitges Open 2019"]
[Site "Sitges"]
[Date "2019.12.16"]
[Round "4.20"]
[White "Alexiadis, Hristos"]
[Black "Dragnev, Valentin"]
[Result "1/2-1/2"]
[WhiteElo "2346"]
[BlackElo "2553"]
[Annotator "ChessBase"]
[PlyCount "52"]
[EventDate "2019.12.13"]
[EventType "swiss"]
[EventCountry "ESP"]
[SourceTitle "playchess.com"]
[Source "ChessBase"]
[SourceQuality "1"]
[TimeControl "40/5400+30:1800+30"]

1. e4 {[%emt 0:00:00]} e5 {[%emt 0:00:00]} 2. Nf3 {[%emt 0:00:05]} Nc6 {[%emt 0:00:00]} 3. Nc3 {[%emt 0:01:10]} Nf6 {[%emt 0:00:10]} 4. d4 {[%emt 0:00:15]} exd4 {[%emt 0:00:51]} 5. Nxd4 {[%emt 0:00:09]} Bb4 {[%emt 0:02:47]} 6. Nxc6 {[%emt 0:00:44]} bxc6 {[%emt 0:00:15]} 7. Bd3 {[%emt 0:00:12]} d5 {[%emt 0:00:30]} 8. exd5 {[%emt 0:00:39]} O-O {[%emt 0:00:05]} 9. O-O {[%emt 0:01:38]} cxd5 {[%emt 0:00:06]} 10. h3 {[%emt 0:00:13]} Rb8 {[%emt 0:27:56]} 11. Qf3 {[%emt 0:03:38]} Bb7 {[%emt 0:01:05]} 12. Bg5 {[%emt 0:02:31]} Be7 {[%emt 0:03:03]} 13. Rfe1 {[%emt 0:39:43]} h6 {[%emt 0:18:57]} 14. Bh4 {[%emt 0:19:11]} d4 {[%emt 0:23:01]} 15. Ne4 {[%emt 0:00:10]} Nxe4 {[%emt 0:00:15]} 16. Bxe7 {[%emt 0:00:07]} Qxe7 {[%emt 0:00:04]} 17. Bxe4 {[%emt 0:00:04]} Bxe4 {[%emt 0:00:04]} 18. Rxe4 {[%emt 0:00:04]} Qc5 {[%emt 0:01:16]} 19. b3 {[%emt 0:00:09]} Rfe8 {[%emt 0:01:56]} 20. Rae1 {[%emt 0:01:18]} Rxe4 {[%emt 0:00:29]} 21. Qxe4 {[%emt 0:00:06]} a5 {[%emt 0:01:40]} 22. Qd3 {[%emt 0:04:31]} Rd8 {[%emt 0:05:22]} 23. Rd1 {[%emt 0:03:01]} Rd6 {[%emt 0:00:13]} 24. Re1 {[%emt 0:00:29]} Rd8 {[%emt 0:00:50]} 25. Rd1 {[%emt 0:00:07]} Rd6 {[%emt 0:00:58]} 26. Re1 {[%emt 0:00:10]} Rd8 {[%emt 0:00:05]} 1/2-1/2

[Event "VI Sunway Sitges Open 2019"]
[Site "Sitges"]
[Date "2019.12.16"]
[Round "4.21"]
[White "Gukesh D"]
[Black "Rafiee, Makan"]
[Result "1-0"]
[WhiteElo "2547"]
[BlackElo "2335"]
[Annotator "ChessBase"]
[PlyCount "89"]
[EventDate "2019.12.13"]
[EventType "swiss"]
[EventCountry "ESP"]
[SourceTitle "playchess.com"]
[Source "ChessBase"]
[SourceQuality "1"]
[TimeControl "40/5400+30:1800+30"]

1. Nf3 {[%emt 0:00:00]} Nf6 {[%emt 0:00:00]} 2. g3 {[%emt 0:01:14]} d5 {[%emt 0:00:23]} 3. Bg2 {[%emt 0:00:08]} e6 {[%emt 0:00:09]} 4. O-O {[%emt 0:00:58]} Be7 {[%emt 0:00:12]} 5. d3 {[%emt 0:00:23]} O-O {[%emt 0:00:19]} 6. Nbd2 {[%emt 0:00:04]} c5 {[%emt 0:01:16]} 7. e4 {[%emt 0:00:06]} Nc6 {[%emt 0:00:41]} 8. Re1 {[%emt 0:00:05]} b5 {[%emt 0:00:49]} 9. e5 {[%emt 0:00:27]} Nd7 {[%emt 0:00:06]} 10. Nf1 {[%emt 0:00:07]} Qc7 {[%emt 0:00:48]} 11. Bf4 {[%emt 0:00:33]} Bb7 {[%emt 0:00:15]} 12. h4 {[%emt 0:05:36]} Rfc8 {[%emt 0:00:17]} 13. h5 {[%emt 0:07:44]} h6 {[%emt 0:00:25]} 14. Ne3 {[%emt 0:01:35]} Qd8 {[%emt 0:00:31]} 15. c4 {[%emt 0:10:10]} bxc4 {[%emt 0:31:41]} 16. dxc4 {[%emt 0:00:07]} d4 {[%emt 0:00:07]} 17. Ng4 {[%emt 0:01:16]} Bf8 {[%emt 0:00:17]} 18. Nd2 {[%emt 0:03:41]} Rcb8 {[%emt 0:01:45]} 19. Ne4 {[%emt 0:07:24]} Ne7 {[%emt 0:01:49]} 20. b4 {[%emt 0:21:27]} cxb4 {[%emt 0:10:26]} 21. Qxd4 {[%emt 0:00:34]} Nf5 {[%emt 0:00:47]} 22. Qxd7 {[%emt 0:02:52]} Qxd7 {[%emt 0:00:47]} 23. Nxh6+ gxh6 24. Nf6+ {[%emt 0:00:20]} Kg7 {[%emt 0:00:59]} 25. Nxd7 {[%emt 0:00:07]} Bxg2 {[%emt 0:00:36]} 26. Nxb8 {[%emt 0:01:58]} Bf3 {[%emt 0:15:50]} 27. Nd7 {[%emt 0:00:07]} Be7 {[%emt 0:02:45]} 28. Be3 {[%emt 0:08:49]} Rc8 {[%emt 0:02:42]} 29. Rac1 {[%emt 0:04:45]} Nxe3 {[%emt 0:04:34]} 30. fxe3 {[%emt 0:00:20]} Bc6 {[%emt 0:01:29]} 31. Nf6 {[%emt 0:02:16]} Bxf6 {[%emt 0:00:06]} 32. exf6+ {[%emt 0:00:08]} Kxf6 {[%emt 0:00:04]} 33. Kf2 {[%emt 0:03:25]} Rg8 {[%emt 0:06:37]} 34. Red1 {[%emt 0:07:11]} Rg5 {[%emt 0:02:46]} 35. Rd6 {[%emt 0:01:55]} Rc5 {[%emt 0:01:47]} 36. g4 {[%emt 0:01:43]} a5 {[%emt 0:03:45]} 37. Rd8 {[%emt 0:00:59]} Bd5 {[%emt 0:06:36]} 38. Rg8 {[%emt 0:04:17]} Be4 {[%emt 0:01:34]} 39. Ke2 {[%emt 0:02:48]} Ke7 {[%emt 0:01:10]} 40. Kf2 {[%emt 0:00:00]} Kf6 {[%emt 0:00:00]} 41. Ke2 {[%emt 0:15:14]} Ke7 {[%emt 0:01:06]} 42. Kd2 {[%emt 0:00:33]} Kf6 {[%emt 0:06:23]} 43. g5+ {[%emt 0:02:30]} hxg5 {[%emt 0:00:08]} 44. h6 {[%emt 0:01:13]} Bh7 {[%emt 0:08:20]} 45. Rf1+ {[%emt 0:01:06]} 1-0

[Event "VI Sunway Sitges Open 2019"]
[Site "Sitges"]
[Date "2019.12.16"]
[Round "4.22"]
[White "Nasuta, Grzegorz"]
[Black "Fecker, Noah"]
[Result "1-0"]
[WhiteElo "2545"]
[BlackElo "2277"]
[Annotator "ChessBase"]
[PlyCount "103"]
[EventDate "2019.12.13"]
[EventType "swiss"]
[EventCountry "ESP"]
[SourceTitle "playchess.com"]
[Source "ChessBase"]
[SourceQuality "1"]
[TimeControl "40/5400+30:1800+30"]

1. e4 {[%emt 0:00:00]} c5 {[%emt 0:00:00]} 2. Nf3 {[%emt 0:00:00]} e6 {[%emt 0:00:00]} 3. d4 {[%emt 0:00:00]} cxd4 {[%emt 0:00:00]} 4. Nxd4 {[%emt 0:00:00]} Nc6 {[%emt 0:00:00]} 5. Nc3 {[%emt 0:00:00]} Qc7 {[%emt 0:00:00]} 6. g3 {[%emt 0:00:23]} a6 {[%emt 0:01:18]} 7. Bg2 {[%emt 0:00:06]} Nf6 {[%emt 0:01:11]} 8. O-O {[%emt 0:01:35]} h5 {[%emt 0:00:36]} 9. h3 {[%emt 0:00:15]} Bc5 {[%emt 0:00:55]} 10. Nxc6 {[%emt 0:00:08]} dxc6 {[%emt 0:04:47]} 11. e5 {[%emt 0:00:15]} Qxe5 {[%emt 0:05:40]} 12. Bf4 {[%emt 0:03:55]} Qd4 {[%emt 0:17:17]} 13. Qe2 {[%emt 0:00:58]} Be7 {[%emt 0:01:10]} 14. Rad1 {[%emt 0:00:29]} Qc5 {[%emt 0:08:51]} 15. Be5 {[%emt 0:24:16]} O-O {[%emt 0:08:30]} 16. a3 {[%emt 0:04:57]} Nd7 {[%emt 0:09:46]} 17. Bd4 {[%emt 0:00:33]} Qg5 {[%emt 0:01:27]} 18. h4 {[%emt 0:08:09]} Qh6 {[%emt 0:05:22]} 19. Be3 {[%emt 0:05:48]} Qg6 {[%emt 0:00:40]} 20. Bf3 {[%emt 0:03:54]} Nf6 {[%emt 0:03:19]} 21. Bg5 {[%emt 0:02:06]} Re8 {[%emt 0:02:13]} 22. Na4 {[%emt 0:26:54]} e5 {[%emt 0:03:21]} 23. Nb6 {[%emt 0:05:19]} Rb8 {[%emt 0:14:07]} 24. Nxc8 {[%emt 0:00:40]} Rbxc8 {[%emt 0:00:52]} 25. Bxf6 {[%emt 0:02:17]} Qxf6 {[%emt 0:00:03]} 26. Rd7 {[%emt 0:02:25]} b5 {[%emt 0:01:21]} 27. Bxh5 {[%emt 0:00:11]} Rcd8 {[%emt 0:01:18]} 28. Rfd1 {[%emt 0:03:58]} Rxd7 {[%emt 0:01:22]} 29. Rxd7 {[%emt 0:00:01]} Rd8 {[%emt 0:00:10]} 30. Rxd8+ {[%emt 0:01:50]} Bxd8 {[%emt 0:00:02]} 31. Bf3 {[%emt 0:00:11]} Bb6 {[%emt 0:01:02]} 32. Qe4 {[%emt 0:00:14]} Kf8 {[%emt 0:03:17]} 33. Qxc6 {[%emt 0:00:26]} Qxc6 {[%emt 0:00:31]} 34. Bxc6 {[%emt 0:00:00]} Ke7 {[%emt 0:00:08]} 35. Kf1 {[%emt 0:00:49]} Kd6 {[%emt 0:00:14]} 36. Be8 {[%emt 0:00:10]} Ke7 {[%emt 0:00:13]} 37. Bc6 {[%emt 0:00:01]} Kd6 {[%emt 0:00:05]} 38. Bb7 {[%emt 0:01:49]} a5 {[%emt 0:00:13]} 39. Ke2 {[%emt 0:00:37]} b4 {[%emt 0:00:34]} 40. axb4 {[%emt 0:00:00]} axb4 {[%emt 0:00:00]} 41. c3 {[%emt 0:03:41]} bxc3 {[%emt 0:01:03]} 42. bxc3 {[%emt 0:01:02]} f6 {[%emt 0:02:42]} 43. f3 {[%emt 0:03:46]} Ke6 {[%emt 0:09:03]} 44. g4 {[%emt 0:00:33]} Ba7 {[%emt 0:14:30]} 45. h5 {[%emt 0:01:54]} Bb6 {[%emt 0:01:24]} 46. Kd3 {[%emt 0:00:09]} Ba5 {[%emt 0:05:23]} 47. c4 {[%emt 0:01:07]} Kd6 {[%emt 0:03:00]} 48. Ke4 {[%emt 0:09:49]} Bc7 {[%emt 0:00:22]} 49. Kf5 {[%emt 0:01:25]} Ke7 {[%emt 0:00:03]} 50. Kg6 {[%emt 0:00:09]} Kf8 {[%emt 0:00:07]} 51. h6 {[%emt 0:00:19]} gxh6 {[%emt 0:00:24]} 52. Kxf6 {[%emt 0:00:05]} 1-0